000 00885cam a22002531 4500
001 e 23000028
003 DLC
005 20260227111214.0
008 820826s1922 txu b s000 0 eng c
010 _ae 23000028
035 _a(OCoLC)8720510
040 _aLibrary, U.S. Bur. of Education
_cDNIE
_dDLC
042 _apremarc
043 _an-us-tx
050 0 0 _aLB1561.T4
_bA3 1922
110 1 _aTexas.
_bState Department of Education.
245 0 0 _aManual and course of study;
_belementary grades, public schools of Texas, 1922-23.
_cAnnie Webb Blanton, superintendent of public instruction ... Issued by the Department of education, state of Texas.
260 _a[Austin,
_c1922]
300 _a137 p.
_c24 cm.
490 0 _aBulletin
_v152. Sept., 1922
504 _aContains references.
504 _a"Books that every child should read": p. 26-28.
650 0 _aEducation.
999 _c20586
_d20586